Statistics for Countries of South America with an Empty Map

Click here to take the quiz!

General Stats

  • This quiz has been taken 68,713 times
  • The average score is 12 of 12

Answers on the Map

Answers color-coded by a green-red scale on the quiz's map according to % correct below.
 

Answer Stats

Country% Correct
Brazil
100%
Argentina
99%
Chile
99%
Colombia
98%
Peru
98%
Uruguay
98%
Bolivia
97%
Paraguay
97%
Venezuela
97%
Ecuador
95%
Guyana
92%
Suriname
92%

Score Distribution

Percentile by Number Answered

Percent of People with Each Score

Your Score History

You have not taken this quiz